Normal view
MARC view
Entry Topical Term
001 - CONTROL NUMBER
- control field: 27456
003 - CONTROL NUMBER IDENTIFIER
- control field: ARRUPE
005 - DATE AND TIME OF LATEST TRANSACTION
- control field: 20161115121933.0
008 - FIXED-LENGTH DATA ELEMENTS
- fixed length control field: 161115|| aca||aabn | a|a d
040 ## - CATALOGING SOURCE
- Original cataloging agency: ARRUPE
- Transcribing agency: ARRUPE
150 ## - HEADING--TOPICAL TERM
- Topical term or geographic name as entry element: Sweden
- General subdivision: Cultural policy
670 ## - SOURCE DATA FOUND
- Source citation: Work cat.: (ARRUPE): Nilsson,Nils Gunnar 27455, Swedish cultural policy in the 20th century, 1980